Marketing Research Private and Public Sector Decisions

Salvato in:
Dettagli Bibliografici
Autore principale: Aaker, David A.
Altri autori: Day, George S.
Natura: Libro
Lingua:inglese
Pubblicazione: New York John Wiley and Sons 1980
Edizione:1. ed.
Serie:Wiley Series in Marketing
Soggetti:
Tags: Aggiungi Tag
Nessun Tag, puoi essere il primo ad aggiungerne!!

MARC

LEADER 00000nam a2200000 4500
001 c021881
005 20221207073901.6
020 |a 0-471-00059-0 
041 0 |a eng 
044 |a US 
245 1 0 |a Marketing Research  |b Private and Public Sector Decisions  |c David A. Aaker, George S. Day 
250 |a 1. ed. 
264 1 |a New York  |b John Wiley and Sons  |c 1980 
300 |a 628 s. 
490 1 |a Wiley Series in Marketing 
830 0 |a Wiley Series in Marketing 
610 2 0 |a marketing 
610 2 0 |a výskum 
610 2 0 |a rozhodovanie 
610 2 0 |a sektor súkromný 
610 2 0 |a sektor štátny 
610 2 0 |a informácie 
610 2 0 |a analýzy 
610 2 0 |a dáta 
610 2 0 |a analýza regresná 
610 2 0 |a analýza trhu 
610 2 0 |a prognózovanie 
100 1 |a Aaker, David A. 
700 1 |a Day, George S.